000 00298nam a22001337a 4500
008 190205b xxu||||| |||| 00| 0 eng d
020 _a076783005990
041 _aeng
080 _a038
100 _a23
101 _aFJA
245 _aFrench & English Dictionary
_cSteiner,R.J
942 _2udc
_cBK
999 _c54069
_d54069